000 00691nam a22002177a 4500
003 UA-OsUOA
001 131957
007 ta
008 20180625b un ||||| |||| 00| 0 ukr d
100 _aЧеркашина К.
090 _a330(477)
_bЧ-48
942 _cSA
040 _aUA-OsUOA
_bukr
_cUA-OsUOA
_dUA-OsUOA
245 _aСтворення резерву під операційні ризики як напрям підвищення капіталізації банків
300 _aС.41-50
955 _a0
041 _aukr
080 _a330(477)
773 0 _w131953
_tБанківська справа
_dК.
_d2018
_g2
650 7 _a330 Економіка взагалі
_2UDC
999 _c420405
_d420405